| 000 | 00648nam a2200193 a 4500 | ||
|---|---|---|---|
| 005 | 20240221063727.0 | ||
| 008 | 991125s1969 ea 000 0 eng u | ||
| 035 | _aUPN01000055488 | ||
| 049 | _aCG | ||
| 050 | 4 |
_aLC5315 _bK5.8 |
|
| 100 | 1 | _aKleiner, Joseph L. | |
| 245 | 1 | 0 |
_aTeaching and writing independent study courses : _bguidelines for teachers and writers of... / _cJoseph L. Kleiner. |
| 260 |
_aWisconsin [E.U.A.] : _bUniversity of Wisconsin, _c1969. |
||
| 300 |
_ai, 76 p. : _bil. |
||
| 650 | 4 |
_aEducación a distancia _97924 |
|
| 650 | 4 |
_aEDUCACION POR CORRESPONDENCIA _918700 |
|
| 650 | 4 |
_aESTUDIO INDEPENDIENTE _916135 |
|
| 905 | _aLibro | ||
| 999 |
_c55488 _d55488 |
||